000 00527nam a2200217Ia 4500
003 OSt
005 20250926114011.0
008 210210b2012 xxu||||| |||| 00| 0 eng d
020 _a9788184885705
040 _cAL
041 _aeng
082 _a368 PERP
100 _aPeriasamy P
_9146098
245 _aPrinciples and practice of insurance
260 _aMumbai
_bHimalaya Publishing House
_c2012
300 _aviii,312p
650 _aof
_9146101
690 _aInsurance
_9146104
906 _a066687
942 _2ddc
_cBK
999 _c149152
_d149152